000 00296nam a22001337a 4500
008 171009b xxu||||| |||| 00| 0 eng d
020 _a 0803946929
041 _aeng
080 _a159.9
100 _a49
101 _aPSI
245 _aDOCUMENTING PSYCHOTHERAPY
_cMOLINE,M,.E
942 _2udc
_cBK
999 _c32627
_d32627